<?xml version="1.0" encoding="UTF-8"?>
<record
    xmlns:xsi="http://www.w3.org/2001/XMLSchema-instance"
    xsi:schemaLocation="http://www.loc.gov/MARC21/slim http://www.loc.gov/standards/marcxml/schema/MARC21slim.xsd"
    xmlns="http://www.loc.gov/MARC21/slim">

  <leader>04698namaa22004211i 4500</leader>
  <controlfield tag="003">OSt</controlfield>
  <controlfield tag="005">20250223033042.0</controlfield>
  <controlfield tag="008">230416s2022    ua a   frm      000 arand d</controlfield>
  <datafield tag="040" ind1=" " ind2=" ">
    <subfield code="a">EG-GICUC</subfield>
    <subfield code="b">ara</subfield>
    <subfield code="c">EG-GICUC</subfield>
    <subfield code="d">EG-GICUC</subfield>
    <subfield code="e">rda</subfield>
  </datafield>
  <datafield tag="041" ind1="0" ind2=" ">
    <subfield code="a">ara</subfield>
    <subfield code="b">ara</subfield>
    <subfield code="b">eng</subfield>
  </datafield>
  <datafield tag="049" ind1=" " ind2=" ">
    <subfield code="a">&#x627;&#x64A;&#x62F;&#x627;&#x639;</subfield>
  </datafield>
  <datafield tag="082" ind1="0" ind2="4">
    <subfield code="a">214.9</subfield>
  </datafield>
  <datafield tag="092" ind1="0" ind2="4">
    <subfield code="a">214.9</subfield>
    <subfield code="2">21</subfield>
  </datafield>
  <datafield tag="097" ind1=" " ind2=" ">
    <subfield code="a">&#x645;&#x627;&#x62C;&#x633;&#x62A;&#x64A;&#x631;</subfield>
  </datafield>
  <datafield tag="099" ind1=" " ind2=" ">
    <subfield code="a">Cai01.02.09.M.A.2022.&#x634;&#x631;.&#x62F;.</subfield>
  </datafield>
  <datafield tag="100" ind1="0" ind2=" ">
    <subfield code="a">&#x634;&#x631;&#x648;&#x642; &#x645;&#x62D;&#x645;&#x648;&#x62F; &#x623;&#x646;&#x648;&#x631;&#x60C;</subfield>
    <subfield code="e">&#x625;&#x639;&#x62F;&#x627;&#x62F;.</subfield>
  </datafield>
  <datafield tag="245" ind1="1" ind2="0">
    <subfield code="a">&#x62F;&#x631;&#x627;&#x633;&#x629; &#x646;&#x642;&#x62F;&#x64A;&#x629; &#x644;&#x62B;&#x642;&#x627;&#x641;&#x629; &#x201D;&#x647;&#x648;&#x64A;&#x201D; &#x641;&#x64A; &#x631;&#x648;&#x627;&#x64A;&#x629; )&#x62C;&#x646;&#x627;&#x632;&#x629; &#x627;&#x644;&#x645;&#x633;&#x644;&#x645;&#x64A;&#x646;(&#x644;&#x644;&#x643;&#x627;&#x62A;&#x628;&#x629; &#x201D;&#x62E;&#x648; &#x62F;&#x627;&#x201D; /</subfield>
    <subfield code="c">&#x627;&#x639;&#x62F;&#x627;&#x62F; &#x634;&#x631;&#x648;&#x642; &#x645;&#x62D;&#x645;&#x648;&#x62F; &#x623;&#x646;&#x648;&#x631; &#x61B; &#x627;&#x634;&#x631;&#x627;&#x641; &#x627;.&#x62F;. &#x631;&#x62D;&#x627;&#x628; &#x645;&#x62D;&#x645;&#x648;&#x62F;&#x60C; &#x627;.&#x62F;. &#x64A;&#x633;&#x631;&#x627; &#x643;&#x627;&#x645;&#x644; &#x643;&#x627;&#x645;&#x644;.</subfield>
  </datafield>
  <datafield tag="246" ind1="1" ind2="5">
    <subfield code="a">A critical study for &#x201D;Hui&#x201D; nation&#x2019;s culture in (Muslim Funeral )novel By &#x201C;Huo Da&#x201D;</subfield>
  </datafield>
  <datafield tag="264" ind1=" " ind2="0">
    <subfield code="c">2022.</subfield>
  </datafield>
  <datafield tag="300" ind1=" " ind2=" ">
    <subfield code="a">89 &#x635;&#x641;&#x62D;&#x629;. &#x61B;</subfield>
    <subfield code="c">30 cm. + </subfield>
    <subfield code="e">CD.</subfield>
  </datafield>
  <datafield tag="336" ind1=" " ind2=" ">
    <subfield code="2">rda content</subfield>
    <subfield code="a">text</subfield>
  </datafield>
  <datafield tag="337" ind1=" " ind2=" ">
    <subfield code="2">rdamedia</subfield>
    <subfield code="a">Unmediated</subfield>
  </datafield>
  <datafield tag="338" ind1=" " ind2=" ">
    <subfield code="2">rdacarrier</subfield>
    <subfield code="a">volume</subfield>
  </datafield>
  <datafield tag="502" ind1=" " ind2=" ">
    <subfield code="a">&#x623;&#x637;&#x631;&#x648;&#x62D;&#x629; (&#x62F;&#x643;&#x62A;&#x648;&#x627;&#x631;&#x647;)-&#x62C;&#x627;&#x645;&#x639;&#x629; &#x627;&#x644;&#x642;&#x627;&#x647;&#x631;&#x629;&#x60C; 2022.</subfield>
  </datafield>
  <datafield tag="504" ind1=" " ind2=" ">
    <subfield code="a">&#x628;&#x628;&#x644;&#x64A;&#x648;&#x62C;&#x631;&#x627;&#x641;&#x64A;&#x627;: &#x635;&#x641;&#x62D;&#x627;&#x62A;. 82.</subfield>
  </datafield>
  <datafield tag="520" ind1=" " ind2=" ">
    <subfield code="a">&#x644;&#x637;&#x627;&#x644;&#x645;&#x627; &#x643;&#x627;&#x646; &#x644;&#x644;&#x625;&#x633;&#x644;&#x627;&#x645; &#x62A;&#x623;&#x62B;&#x64A;&#x631; &#x643;&#x628;&#x64A;&#x631; &#x639;&#x644;&#x649; &#x627;&#x644;&#x62A;&#x627;&#x631;&#x64A;&#x62E; &#x648;&#x627;&#x644;&#x62B;&#x642;&#x627;&#x641;&#x629;. &#x644;&#x643;&#x646; &#x627;&#x644;&#x645;&#x633;&#x644;&#x645;&#x64A;&#x646; &#x648;&#x627;&#x62C;&#x647;&#x648;&#x627; &#x646;&#x641;&#x633; &#x627;&#x644;&#x645;&#x634;&#x627;&#x643;&#x644; &#x627;&#x644;&#x627;&#x62C;&#x62A;&#x645;&#x627;&#x639;&#x64A;&#x629; &#x641;&#x64A; &#x623;&#x648;&#x642;&#x627;&#x62A; &#x645;&#x62E;&#x62A;&#x644;&#x641;&#x629; &#x648;&#x628;&#x644;&#x62F;&#x627;&#x646; &#x645;&#x62E;&#x62A;&#x644;&#x641;&#x629; &#x60C; &#x648;&#x644;&#x62F;&#x64A;&#x647;&#x645; &#x623;&#x64A;&#x636;&#x64B;&#x627; &#x646;&#x641;&#x633; &#x627;&#x644;&#x639;&#x627;&#x62F;&#x627;&#x62A; &#x648;&#x627;&#x644;&#x62A;&#x642;&#x627;&#x644;&#x64A;&#x62F; &#x61B; &#x623;&#x64A; &#x644;&#x627; &#x64A;&#x645;&#x643;&#x646;&#x647;&#x645; &#x623;&#x643;&#x644; &#x644;&#x62D;&#x645; &#x627;&#x644;&#x62E;&#x646;&#x632;&#x64A;&#x631; &#x623;&#x648; &#x634;&#x631;&#x628; &#x627;&#x644;&#x643;&#x62D;&#x648;&#x644;. &#x639;&#x644;&#x649; &#x627;&#x644;&#x631;&#x63A;&#x645; &#x645;&#x646; &#x623;&#x646; &#x627;&#x644;&#x625;&#x633;&#x644;&#x627;&#x645; &#x62F;&#x62E;&#x644; &#x641;&#x64A; &#x628;&#x644;&#x62F;&#x627;&#x646; &#x645;&#x62E;&#x62A;&#x644;&#x641;&#x629; &#x60C; &#x625;&#x644;&#x627; &#x623;&#x646; &#x627;&#x644;&#x623;&#x634;&#x62E;&#x627;&#x635; &#x627;&#x644;&#x630;&#x64A;&#x646; &#x64A;&#x624;&#x645;&#x646;&#x648;&#x646; &#x628;&#x647;&#x630;&#x627; &#x627;&#x644;&#x62F;&#x64A;&#x646; &#x64A;&#x62A;&#x645;&#x62A;&#x639;&#x648;&#x646; &#x62C;&#x645;&#x64A;&#x639;&#x64B;&#x627; &#x628;&#x646;&#x641;&#x633; &#x627;&#x644;&#x639;&#x627;&#x62F;&#x627;&#x62A; &#x648;&#x627;&#x644;&#x62A;&#x642;&#x627;&#x644;&#x64A;&#x62F; &#x644;&#x623;&#x646; &#x62B;&#x642;&#x627;&#x641;&#x62A;&#x647;&#x645; &#x62A;&#x634;&#x645;&#x644; &#x62A;&#x639;&#x627;&#x644;&#x64A;&#x645; &#x627;&#x644;&#x625;&#x633;&#x644;&#x627;&#x645;.&#x643;&#x645;&#x627; &#x62A;&#x639;&#x643;&#x633; &#x201D;&#x62C;&#x646;&#x627;&#x632;&#x629; &#x627;&#x644;&#x645;&#x633;&#x644;&#x645;&#x201D; &#x644;&#x647;&#x62F;&#x649; &#x62B;&#x642;&#x627;&#x641;&#x629; &#x627;&#x644;&#x625;&#x633;&#x644;&#x627;&#x645; &#x641;&#x64A; &#x62B;&#x644;&#x627;&#x62B;&#x629; &#x639;&#x635;&#x648;&#x631; &#x645;&#x62E;&#x62A;&#x644;&#x641;&#x629;.&#x645;&#x646; &#x62E;&#x644;&#x627;&#x644; &#x642;&#x631;&#x623;&#x62A; &#x627;&#x644;&#x643;&#x62B;&#x64A;&#x631; &#x645;&#x646; &#x627;&#x644;&#x623;&#x62F;&#x628;&#x64A;&#x627;&#x62A; &#x639;&#x646; &#x62B;&#x642;&#x627;&#x641;&#x629; &#x627;&#x644;&#x623;&#x633;&#x644;&#x627;&#x645; &#x641;&#x64A; &#x645;&#x635;&#x631; &#x648; &#x627;&#x644;&#x635;&#x64A;&#x646; &#x648; &#x623;&#x64A;&#x636;&#x627; &#x628;&#x639;&#x62F; &#x62A;&#x62D;&#x644;&#x64A;&#x644; &#x631;&#x648;&#x627;&#x64A;&#x629; &#x300B; &#x62C;&#x646;&#x627;&#x632;&#x629; &#x627;&#x644;&#x645;&#x633;&#x644;&#x645;&#x64A;&#x646; &#x300A;: &#x62E;&#x648; &#x62F;&#x627; &#x62A;&#x639;&#x631;&#x641;&#x62A;&#x64F; &#x639;&#x644;&#x64A; &#x627;&#x644;&#x623;&#x62A;&#x64A; 89 1.&#x639;&#x644;&#x64A; &#x627;&#x644;&#x631;&#x63A;&#x645; &#x645;&#x646; &#x623;&#x646; &#x627;&#x644;&#x625;&#x633;&#x644;&#x627;&#x645; &#x62F;&#x62E;&#x644; &#x641;&#x64A; &#x628;&#x644;&#x62F;&#x627;&#x646; &#x645;&#x62E;&#x62A;&#x644;&#x641;&#x629; &#x648; &#x62B;&#x642;&#x627;&#x641;&#x627;&#x62A; &#x645;&#x62E;&#x62A;&#x644;&#x641;&#x629; &#x627;&#x644;&#x623; &#x623;&#x646; &#x644;&#x647; &#x646;&#x641;&#x633; &#x627;&#x644;&#x62A;&#x639;&#x627;&#x644;&#x64A;&#x645; &#x627;&#x644;&#x62F;&#x64A;&#x646;&#x629; 2.&#x647;&#x646;&#x627;&#x643; &#x628;&#x639;&#x636; &#x627;&#x644;&#x623;&#x62E;&#x62A;&#x644;&#x627;&#x641;&#x627;&#x62A; &#x641;&#x64A; &#x627;&#x644;&#x62B;&#x642;&#x627;&#x641;&#x629; &#x627;&#x644;&#x625;&#x633;&#x644;&#x627;&#x645;&#x64A;&#x629; &#x628;&#x64A;&#x646; &#x645;&#x635;&#x631; &#x648; &#x627;&#x644;&#x635;&#x64A;&#x646; 3.&#x627;&#x644;&#x623;&#x633;&#x631;&#x629; &#x648; &#x627;&#x644;&#x645;&#x62C;&#x62A;&#x645;&#x639; &#x643;&#x627;&#x646; &#x644;&#x647;&#x645; &#x62A;&#x623;&#x62B;&#x64A;&#x631; &#x627;&#x64B; &#x643;&#x628;&#x64A;&#x631;&#x627;&#x64F; &#x639;&#x644;&#x64A; &#x641;&#x643;&#x631; &#x627;&#x644;&#x643;&#x627;&#x62A;&#x628;&#x629; &#x62E;&#x648; &#x62F;&#x627; 4.&#x642;&#x648;&#x645;&#x64A;&#x629; &#x647;&#x648;&#x64A; &#x645;&#x646; &#x623;&#x643;&#x628;&#x631; &#x627;&#x644;&#x623;&#x642;&#x644;&#x64A;&#x627;&#x62A; &#x627;&#x644;&#x645;&#x633;&#x644;&#x645;&#x629; &#x641;&#x64A; &#x627;&#x644;&#x635;&#x64A;&#x646; &#x648; &#x623;&#x642;&#x62F;&#x645;&#x647;&#x627; &#x639;&#x644;&#x64A; &#x627;&#x644;&#x623;&#x637;&#x644;&#x627;&#x642;</subfield>
  </datafield>
  <datafield tag="520" ind1=" " ind2=" ">
    <subfield code="a">Through this thesis, we shed light on the literature of Chinese minorities, as well as the different cultures between Muslims in Egypt and Muslims in China &#x2018;Customs and traditions can be arisen by the different cultures of people, and through customs and traditions we can learn about different cultures .
Different cultures have different characteristics, and literature is a reflection of different national cultures. This study is a comparison between Islamic cultures in China and Egypt which is one of the central issues in modern and contemporary literary circles. This article analyzes the similarities and differences between the customs and traditions of the two countries, through the &#x201D;Muslim funeral&#x201D;.
Researching in the customs and traditions of peoples is one of the most important literary aspects at all, although there are many and many graduated students who tend to present many theses that discuss customs and traditions from different angles. However, there are not many who research the customs and traditions of Muslims in Egypt and China. And because I am one of those who are interested in knowing the different cultures of peoples, this topic aroused my interest, and that is why I decided to write this thesis.
Through this article, I discuss Islamic customs and traditions in Egypt and China,</subfield>
  </datafield>
  <datafield tag="530" ind1=" " ind2=" ">
    <subfield code="a">&#x635;&#x62F;&#x631; &#x623;&#x64A;&#x636;&#x64B;&#x627; &#x643;&#x642;&#x631;&#x635; &#x645;&#x62F;&#x645;&#x62C;.</subfield>
  </datafield>
  <datafield tag="546" ind1=" " ind2=" ">
    <subfield code="a">&#x627;&#x644;&#x646;&#x635; &#x628;&#x627;&#x644;&#x639;&#x631;&#x628;&#x64A;&#x629; &#x648;&#x627;&#x644;&#x645;&#x644;&#x62E;&#x635; &#x628;&#x627;&#x644;&#x625;&#x646;&#x62C;&#x644;&#x64A;&#x632;&#x64A;&#x629;.</subfield>
  </datafield>
  <datafield tag="650" ind1=" " ind2=" ">
    <subfield code="a">&#x627;&#x644;&#x627;&#x633;&#x644;&#x627;&#x645;</subfield>
    <subfield code="2">qrmak</subfield>
  </datafield>
  <datafield tag="653" ind1=" " ind2=" ">
    <subfield code="a">&#x642;&#x648;&#x645;&#x64A;&#x629; &#x647;&#x648;&#x64A;.</subfield>
    <subfield code="a">&#x627;&#x644;&#x625;&#x633;&#x644;&#x627;&#x645;</subfield>
    <subfield code="a">&#x627;&#x644;&#x643;&#x627;&#x62A;&#x628;&#x629; &#x62E;&#x648;&#x62F;&#x627;.</subfield>
  </datafield>
  <datafield tag="700" ind1="0" ind2=" ">
    <subfield code="a">&#x64A;&#x633;&#x631;&#x627; &#x643;&#x627;&#x645;&#x644; &#x643;&#x627;&#x645;&#x644;.</subfield>
    <subfield code="e">&#x645;&#x634;&#x631;&#x641; &#x623;&#x637;&#x631;&#x648;&#x62D;&#x629;.</subfield>
  </datafield>
  <datafield tag="700" ind1="0" ind2=" ">
    <subfield code="a">&#x631;&#x62D;&#x627;&#x628; &#x645;&#x62D;&#x645;&#x648;&#x62F;.</subfield>
    <subfield code="e">&#x645;&#x634;&#x631;&#x641; &#x623;&#x637;&#x631;&#x648;&#x62D;&#x629;.</subfield>
  </datafield>
  <datafield tag="900" ind1=" " ind2=" ">
    <subfield code="b">01-01-2022</subfield>
    <subfield code="c">&#x64A;&#x633;&#x631;&#x627; &#x643;&#x627;&#x645;&#x644; &#x643;&#x627;&#x645;&#x644;.</subfield>
    <subfield code="c">&#x631;&#x62D;&#x627;&#x628; &#x645;&#x62D;&#x645;&#x648;&#x62F;.</subfield>
    <subfield code="d">&#x645;&#x631;&#x641;&#x62A; &#x639;&#x644;&#x64A;.</subfield>
    <subfield code="d">&#x62F;&#x648;&#x646;&#x63A; &#x62A;&#x634;&#x648;&#x649; &#x634;&#x648;&#x649;.</subfield>
    <subfield code="U">&#x62C;&#x627;&#x645;&#x639;&#x629; &#x627;&#x644;&#x642;&#x627;&#x647;&#x631;&#x629;.</subfield>
    <subfield code="F">&#x643;&#x644;&#x64A;&#x629; &#x627;&#x644;&#x627;&#x62F;&#x627;&#x628;.</subfield>
    <subfield code="D">&#x642;&#x633;&#x645; &#x627;&#x644;&#x644;&#x63A;&#x629; &#x627;&#x644;&#x635;&#x64A;&#x646;&#x64A;&#x629;</subfield>
  </datafield>
  <datafield tag="905" ind1=" " ind2=" ">
    <subfield code="a">Nadia</subfield>
  </datafield>
  <datafield tag="942" ind1=" " ind2=" ">
    <subfield code="c">TH</subfield>
    <subfield code="2">ddc</subfield>
  </datafield>
  <datafield tag="999" ind1=" " ind2=" ">
    <subfield code="c">162765</subfield>
  </datafield>
  <datafield tag="952" ind1=" " ind2=" ">
    <subfield code="2">ddc</subfield>
    <subfield code="9">294593</subfield>
    <subfield code="a">CUCL</subfield>
    <subfield code="b">cl210</subfield>
    <subfield code="d">2024-02-11</subfield>
    <subfield code="i">29776</subfield>
    <subfield code="o">Cai01.02.09.M.A.2022.&#x634;&#x631;.&#x62F;.</subfield>
    <subfield code="p">01010100029776000</subfield>
    <subfield code="r">2023-10-30 00:00:00</subfield>
    <subfield code="w">2023-10-30</subfield>
    <subfield code="y">TH</subfield>
  </datafield>
</record>
